| 000 | 00706nam a22002057a 4500 | ||
|---|---|---|---|
| 005 | 20251108165547.0 | ||
| 008 | 250721s1992 xx 000 0 ara d | ||
| 082 | 1 | 4 | _aم/327.1403/عرق |
| 100 | 1 | _aأبو عرقوب، إبراهيم | |
| 245 | 1 | 0 | _aمعجم مصطلحات الحرب النفسية / |
| 264 | 1 |
_aعمان : _bدار مجدلاوي للنشر و التوزيع، _c1992. |
|
| 300 | _a127ص : 157p | ||
| 500 | _aالكتاب باللغتين العربية و الإنجليزية | ||
| 650 | 1 | 7 | _aالحرب النفسية |
| 650 | 1 | 7 | _aالقواميس |
| 650 | 1 | 7 | _aالمصطلحات |
| 700 | 1 | _aالطعاني، سليمان قسيم | |
| 942 |
_2ddc _cREF |
||
| 999 |
_c30807 _d30807 |
||